PvZ 1 - All Plants - Statistics

General Stats
  • This quiz has been taken 59 times
  • The average score is 42 of 57
Answer Stats
Hint Answer % Correct
Day Peashooter
100%
Day Sunflower
100%
Day Wall-Nut
96%
Pool Lily Pad
93%
Day Snow Pea
93%
Day Cherry Bomb
91%
Day Potato Mine
91%
Day Repeater
91%
Night Puff-Shroom
89%
Pool Tall-Nut
89%
Pool Threepeater
89%
Night Doom-Shroom
87%
Night Ice-Shroom
87%
Pool Jalapeno
87%
Roof Kernel-Pult
87%
Roof Melon-Pult
87%
Night Sun-Shroom
87%
Roof Cabbage-Pult
85%
Pool Spikeweed
85%
Fog Cactus
83%
Night Fume-Shroom
83%
Night Hypno-Shroom
83%
Fog Magnet-Shroom
83%
Pool Tangle Kelp
83%
Fog Blover
80%
Upgrade Cattail
80%
Day Chomper
80%
Fog Plantern
80%
Fog Pumpkin
80%
Night Scaredy-Shroom
80%
Upgrade Spikerock
80%
Pool Squash
80%
Upgrade Cob Cannon
78%
Upgrade Gatling Pea
78%
Fog Sea-Shroom
78%
Pool Torchwood
78%
Roof Coffee Bean
76%
Roof Flower Pot
76%
Upgrade Twin Sunflower
76%
Roof Umbrella Leaf
76%
Night Grave Buster
74%
Roof Marigold
74%
Fog Split Pea
74%
Upgrade Gloom-Shroom
72%
Upgrade Gold Magnet
72%
Upgrade Winter Melon
72%
Fog Starfruit
70%
Roof Garlic
67%
Other Imitater
65%
Other Tree of Wisdom
26%
Other Explode-o-nut
24%
Other Sprout
24%
Other Giant Wall-Nut
22%
Other Giant Wall-Nut
22%
Other Giant Sunflower
17%
Other Reverse Repeater
15%
Other Giant Marigold
11%
No matching quizzes found
Score Distribution
Percent of People with Each Score
Percentile by Number Answered
Your Score History
You have not taken this quiz